Privatizace a pracovněprávní vztahy.

Podmienky prevodu majetku štátu na iné osoby upravuje zákon o veľkej privatizácii č. 92/1991 Zb. Privatizačný projekt ako základ pre prechod podniku alebo jeho časti do súkromného vlastníctva. Objasnenie sporných otázok súvisiacich s veľkou privatizáciou: kto preberá práva a povinnosti, situácia pri...

Descrizione completa

Salvato in:
Dettagli Bibliografici
Autore principale: Jouza, L.
Natura: Capitolo di libro
Lingua:ceco
Soggetti:
Tags: Aggiungi Tag
Nessun Tag, puoi essere il primo ad aggiungerne!!

MARC

LEADER 00000naa a2200000 4500
001 r011713
005 20220826093215.5
041 0 |a cze 
044 |a [CS] 
245 1 0 |a Privatizace a pracovněprávní vztahy.  |c L. Jouza 
520 |a Podmienky prevodu majetku štátu na iné osoby upravuje zákon o veľkej privatizácii č. 92/1991 Zb. Privatizačný projekt ako základ pre prechod podniku alebo jeho časti do súkromného vlastníctva. Objasnenie sporných otázok súvisiacich s veľkou privatizáciou: kto preberá práva a povinnosti, situácia pri kúpe len časti podniku, organizačné zmeny a skončenie pracovného pomeru, rozhodovanie o reorganizácii, rozviazanie pracovného pomeru pre nadbytočnosť. 
610 2 0 |a vzťahy pracovnoprávne 
610 2 0 |a privatizácia 
610 2 0 |a projekty 
610 2 0 |a prepúšťanie pracovníkov 
610 2 0 |a skončenie pomeru pracovného 
610 2 0 |a ČSFR 
100 1 |a Jouza, L.